Statistics for Countries that Produce the Most Pears

Click here to take the quiz!

General Stats

  • This quiz has been taken 32 times
  • The average score is 8 of 10

Answer Stats

Tonnes of PearsCountry% Correct
677,891U.S.A
100%
16,527,694China
97%
346,000India
90%
930,340Argentina
87%
360,957Spain
87%
503,004Turkey
87%
772,577Italy
84%
309,189Chile
81%
414,879South Africa
65%
330,000Netherlands
35%

Score Distribution

Percentile by Number Answered

Percent of People with Each Score

Your Score History

You have not taken this quiz